00685nam a2200229 a 4500001001300000003000900013005001700022008004100039020002300080082001500103100001600118245007000134260002500204300000900229500003500238650001600273700001600289902000800305942000700313952011800320999001700438nice12345678IN_TiNIC20260116015402.0150305s2010 dela grp 000 0 eng  a9788184651041c16500a231.3bJEO aJeong, Sung aFullness of the Holy Spiritb Introducince Christian Spirituality aDelhi bISPCK c2010 a150  aincludes index and biblioraphy aHoly Spirit1 aJeong, Sung bSRS cBK 001040708StackRoom-aHMIbHMId2005-01-01g165.00l0o231.3 JEOp11002857r2005-01-01v165.00w2015-03-05yBK c19485d19485